| 000 | 00681nam a2200217Ia 4500 | ||
|---|---|---|---|
| 005 | 20260331121700.0 | ||
| 008 | 191130s2014##################000#0#eng## | ||
| 020 | _a9780415468213 | ||
| 082 |
_a624.18923 _bZHA |
||
| 100 | _aZhao, Xiao-Ling | ||
| 245 |
_aFRP-strengthened metallic structures _cXiao-Ling Zhao |
||
| 260 |
_aBoca Raton, FL _bCRC Press _c2014 |
||
| 300 | _axxvi,263 p | ||
| 650 | _aAdhesives | ||
| 650 | _aBuilding, Iron and steel - Materials | ||
| 650 | _aCarbon fiber-reinforced plastics | ||
| 650 | _aFiber-reinforced plastics | ||
| 650 | _aStrengthening mechanisms in solids | ||
| 650 | _aTECHNOLOGY & ENGINEERING / Civil / General | ||
| 942 | _cENGLISH | ||
| 999 |
_c189810 _d189810 |
||